书目信息 |
| 题名: |
专利代理概论
|
|
| 作者: | 尹新天 主编 ;王景川 主编 ;国家知识产权局组织 编写 | |
| 分册: | ||
| 出版信息: | 北京 知识产权出版社 2002.09 |
|
| 页数: | 736页 | |
| 开本: | 21cm | |
| 丛书名: | 新编中国专利教程丛书 | |
| 单 册: | ||
| 中图分类: | D923.42 , G306 | |
| 科图分类: | ||
| 主题词: | 专利--代理(法律)--中国--教材 , 专利 , 代理 , 科学研究--理论 | |
| 电子资源: | ||
| ISBN: | 7-80011-725-1 | |
| 000 | 01057nam2 2200325 45 | |
| 001 | 012003000000 | |
| 005 | 20041203101150.11 | |
| 010 | @a7-80011-725-1@dCNY 50.00 | |
| 100 | @a20031219d2002 em y0chiy0121 ea | |
| 101 | 0 | @achi |
| 102 | @aCN@b110000 | |
| 105 | @aa z 000yy | |
| 200 | 1 | @a专利代理概论@Azhuan li dai li gai lun@f尹新天主编@g国家知识产权局组织编写 |
| 210 | @a北京@c知识产权出版社@d2002.09 | |
| 215 | @a736页@d21cm | |
| 225 | 2 | @a新编中国专利教程丛书@f王景川主编 |
| 320 | @a本书含附录 | |
| 330 | @a本书从法律角度出发, 阐述了专利代理的法律概念和特征, 专利代理在专利制度中的作用以及有关我国专利…… | |
| 410 | 0 | @12001 @a新编中国专利教程丛书 |
| 606 | 0 | @a专利@x代理(法律)@y中国@j教材 |
| 606 | 0 | @a专利 |
| 606 | 0 | @a代理 |
| 606 | 0 | @a科学研究@x理论 |
| 690 | @aD923.42@v4 | |
| 690 | @aG306@v3 | |
| 701 | 0 | @a尹新天@Ayin xin tian@4主编 |
| 702 | 0 | @a王景川@Awang jing chuan@4主编 |
| 712 | 02 | @a国家知识产权局组织@Aguo jia zhi shi chan quan ju zu zhi@4编写 |
| 801 | 0 | @aCN@bQSSKt@c20041203 |
| 905 | @a10447@dG306@eY602 | |
| 专利代理概论/尹新天主编/国家知识产权局组织编写.-北京:知识产权出版社,2002.09 |
| 736页;21cm.-(新编中国专利教程丛书/王景川主编) |
| ISBN 7-80011-725-1:CNY 50.00 |
| 本书从法律角度出发, 阐述了专利代理的法律概念和特征, 专利代理在专利制度中的作用以及有关我国专利…… |
| ● |
| 相关链接 |
|
|
|
正题名:专利代理概论
索取号:G306/Y602
 
预约/预借
| 序号 | 登录号 | 条形码 | 馆藏地/架位号 | 状态 | 备注 |
| 1 | 430075 | 204300755 | 社科库409/409社科库 120排1列4层/ [索取号:G306/Y602] | 在馆 |